000
00270nam a2200121Ia 4500
008
240624s9999 xx 000 0 und d
041
_a
eng
082
_a
200 OSH
100
_a
OSHO
245
_a
BOOK OF SECRETS
260
_c
2010
_a
New York
_b
Martins Press
365
_c
RS
999
_c
21080
_d
21080